名称中含有金属的中国地级行政区 - Statistics

General Stats
  • This quiz has been taken 1 118 times
  • The average score is 9 of 12
Answer Stats
所属省份 地级行政区 % Correct
宁夏回族自治区 银川
93%
浙江省 金华
91%
江苏省 无锡
89%
甘肃省 白银
84%
辽宁省 铁岭
84%
安徽省 铜陵
81%
陕西省 铜川
79%
贵州省 铜仁
79%
甘肃省 金昌
69%
内蒙古自治区 锡林郭勒
68%
台湾省 金门
50%
新疆维吾尔自治区 铁门关
46%
No matching quizzes found
Score Distribution
Percent of People with Each Score
Percentile by Number Answered
Your Score History
You have not taken this quiz